000 00310nam a22001337a 4500
008 170302b xxu||||| |||| 00| 0 eng d
020 _a9780323025553
041 _aeng
080 _28 ED
_a616.073
100 _a6
101 _aSHM
245 _aRADIOLOGIC SCIENCE TECHNOLOGISTS
_cBUSHONG.S.C
942 _2udc
_cBK
999 _c6645
_d6645